| 000 -LEADER |
| fixed length control field |
00933nam a22002057a 4500 |
| 005 - DATE AND TIME OF LATEST TRANSACTION |
| control field |
20230925163129.0 |
| 008 - FIXED-LENGTH DATA ELEMENTS--GENERAL INFORMATION |
| fixed length control field |
230925s2005 enk||||| |||| 00| 0 geo d |
| 041 ## - LANGUAGE CODE |
| Language code of text/sound track or separate title |
eng |
| 080 ## - UNIVERSAL DECIMAL CLASSIFICATION NUMBER |
| Universal Decimal Classification number |
737(479.22)+94 D-90 |
| 100 ## - MAIN ENTRY--PERSONAL NAME |
| Personal name |
Dundua, Tedo |
| 9 (RLIN) |
17376 |
| 245 ## - TITLE STATEMENT |
| Title |
European industrial complexes of I cycle of capitalism and the Georgian western affiliations : |
| Remainder of title |
Historical a. numismatic tale / |
| Statement of responsibility, etc. |
Tedo Dundua. |
| 264 ## - PRODUCTION, PUBLICATION, DISTRIBUTION, MANUFACTURE, AND COPYRIGHT NOTICE |
| Place of production, publication, distribution, manufacture |
Tbilisi : |
| Name of producer, publisher, distributor, manufacturer |
Artanuji, |
| Date of production, publication, distribution, manufacture, or copyright notice |
[2005]. |
| 300 ## - PHYSICAL DESCRIPTION |
| Extent |
39p. : |
| Other physical details |
ill. ; |
| Dimensions |
20cm. |
| 521 ## - TARGET AUDIENCE NOTE |
| Target audience note |
Bibliogr. in the text notes. |
| 653 ## - INDEX TERM--UNCONTROLLED |
| keyword |
საქართველოს ნუმიზმატიკა |
| 653 ## - INDEX TERM--UNCONTROLLED |
| keyword |
საქართველო-ანტიკური ქვეყნების ურთიერთობის ისტორია. |
| 653 ## - INDEX TERM--UNCONTROLLED |
| keyword |
საქართველოს ახალი ისტორია |
| 700 ## - ADDED ENTRY--PERSONAL NAME |
| Personal name |
Silagadze, Nino |
| Relator term |
ავტორი |
| 9 (RLIN) |
19922 |
| 942 ## - ADDED ENTRY ELEMENTS (KOHA) |
| Source of classification or shelving scheme |
|
| Koha item type |
წიგნი |